| 000 | nam a22 a 4500 | ||
|---|---|---|---|
| 999 |
_c1928 _d1928 |
||
| 003 | AKMAL | ||
| 005 | 20170526103821.0 | ||
| 008 | 170512s1996 my 00 eng d | ||
| 020 |
_a9678907933 (pbk.): _cRM 19.50 |
||
| 040 | _aAKMAL | ||
| 082 | 0 | 4 | _a346.595066 COM |
| 090 |
_a346.595066 _bCOM |
||
| 100 | 1 |
_aLam, Sinn Hui _94001 |
|
| 245 | 1 | 0 |
_aCompany law / _cLam Sinn Hui |
| 260 |
_aKuala Lumpur : _bInternational Law Book Services, _c1996 |
||
| 300 |
_a91p. : _b; _c21cm |
||
| 599 | _aDALAM PROSES | ||
| 650 |
_aCorporation law _94006 |
||
| 942 |
_2ddc _cBOOK |
||